000 00445nam a2200193Ia 4500
005 20240823022506.0
008 240823s9999||||xx |||||||||||||| ||und||
020 _a0-07-058548-2
041 _aENGLISH
082 _A658.15 P7
100 _aPrasanna Chandra
245 0 _aFinancial Management
250 _a4th
260 _c2007
_b"TMH,,"
500 _aYES
650 _aManagement
_bManagement Studies
942 _cBK
999 _c179297
_d179297